Geografía 1; general, de asia y africa /
Guardado en:
| Autor Principal: | |
|---|---|
| Formato: | Libro |
| Publicado: |
Buenos Aires :
Kapelusz,
1992
|
| Etiquetas: |
Agregar Etiqueta
Sin Etiquetas, Sea el primero en etiquetar este registro!
|
| LEADER | 00480nam a22001575a 4500 | ||
|---|---|---|---|
| 001 | CEM.cems007416 | ||
| 005 | 20060214000000.0 | ||
| 008 | 130507s1992##################000#0#####d | ||
| 003 | CEMS | ||
| 082 | 0 | 4 | |a 910 |
| 100 | 1 | |a Quarleri, Paulina | |
| 245 | 1 | 0 | |a Geografía 1; general, de asia y africa / |
| 260 | |a Buenos Aires : |b Kapelusz, |c 1992 | ||
| 300 | |a 263 p.1 | ||
| 859 | |a CEMS |b BIB. CEMS - 11 de abril |h 910 |i Q27 |p 17342.93 |t Ej.1 | ||
| 859 | |a CEMS |b BIB. CEMS - 11 de abril |h 910 |i Q27 |p 17362.93 |t Ej.2 | ||
